Semiología médica

Bibliographic Details
Other Authors: Goic G., Alejandro. 1929-, Chamorro Z., Gastón
Format: Book
Language:Spanish
Subjects:

MARC

LEADER 00000aam a2200000 a 4500
001 25817
005 20230308175710.0
008 996040|1987 ||||||||r|||||||||||spa||
020 |a 9562200247 
040 |b spa 
041 0 |a Español 
082 0 |a 616.072 
245 |a Semiología médica  |c Alejandro Goic G., Gastón Chamorro Z.  |h imp 
264 |a Santiago  |b Mediterraneo  |c 1987 
300 |a 456 páginas:  |b ilu  |c 25 cm 
504 |a incl. ref. 
650 1 0 |a Semiología  |9 18303 
700 1 |a Goic G., Alejandro.  |d 1929-  |9 84642 
700 1 |a Chamorro Z., Gastón.  |9 84643 
852 |a UC-SALUD  |c ESTANTERIA ABIERTA  |f Compra  |k mariana.feican  |l 1  |m General  |p 19960402  |q 50,500  |t 25817  |v med  |w Medicina  |b 0  |d CDRS  |e CDRS  |g 616.072 ESTANTERIA ABIERTA  |z 1996-60-40 
942 |c BK 
999 |c 50761  |d 50761